000 01872nam0a2200397 4500
001 RU\NLR\bibl\1829223
005 20260405231106.0
010 _a978-5-91506-025-7
_9500
021 _aRU
_b2011-79179
_95641
035 _a(NLR Aleph) 001819736
090 _a1988666
_c1988666
100 _a20111103d2011 |||y0rusy50 ca
101 0 _arus
_erus
_eepo
102 _aRU
105 _ay |||||||||
200 1 _aПеру в системе международных отношений (1821-2010 гг.)
_dEl Peru en el sistema de las relaciones internacionales (1821-2010)
_fПетрова Т.П.
_gРег. обществ. орг. "Ассоц. исслед. ибероамерик. мира" (РОО "АИИМ")
_zspa
210 _aМосква
_cАванглион-принт
_d2011
215 _a405 с.
_cил., цв. портр.
_d22
300 _aНа 4-й с. оббл. авт.: к.ист.н. Петрова Т.П.
300 _aРез. на англ. яз.
320 _aБиблиогр.: с. 353-374 и в подстроч. прим.
510 0 _6z77790
_aEl Peru en el sistema de las relaciones internacionales (1821-2010)
_zspa
607 _aПеру
_xПолитика и управление
_z19 - 21 вв.
_92627705
_3RU\NLR\auth\661564265
607 _aПеру
_xВнешняя политика
_z19 - 21 вв.
_92627706
_3RU\NLR\auth\661564266
686 _aТ3(7Пе)5/6-5
686 _aТ3(7Пе)5/6-6
700 1 _4070
_8rus
_7ca
_aПетрова
_bТ. П.
_cд-р ист. наук
_gТатьяна Павловна
_3RU\NLR\AUTH\77105033
_987958
790 1 _4070
_8rus
_7ba
_aPetrova
_bT. P.
_cд-р ист. наук
_gTat'jana Pavlovna
_3RU\NLR\AUTH\77105039
_987964
801 0 _aRU
_bNLR
_c20111103
_gRCR
801 1 _aRU
_bNLR
_c20111103
830 _aавт. по кн.
942 _cBOOK
980 _aNB
980 _aNBR